A short history of the treatment that Dr. Samuel Stearns hath met with in Massachusetts, since the commencement of hostilities between Great-Britain and her colonies : Exhibiting the troubles he has met with, by reason of his loyalty, and the appearance of false evidence against him. [Three lines in Latin].

Bibliographic Details
Main Author: Stearns, Samuel, 1741-1809
Format: eBook
Language:English
Series:Eighteenth century collections online.
Online Access:Full text online

MARC

Tag First Indicator Second Indicator Subfields
LEADER 00000cam a2200000 4500
001 in00001859310
006 m | d |
007 cr |n||||||||n
008 830309s1786 xxu|||| s 00| | eng d
005 20260414171811.7
035 |a (CStRLIN)ESTCW22262 
040 |a MWA  |c MWA  |d Uk-ES  |d CStRLIN  |d Thomson Gale  |d UtOrBLW 
100 1 |a Stearns, Samuel,  |d 1741-1809. 
245 1 2 |a A short history of the treatment that Dr. Samuel Stearns hath met with in Massachusetts, since the commencement of hostilities between Great-Britain and her colonies :  |b Exhibiting the troubles he has met with, by reason of his loyalty, and the appearance of false evidence against him. [Three lines in Latin]. 
264 3 |a [Worcester, Mass.] :  |b Printed [by Isaiah Thomas],  |c In the year MDCCLXXXVI. [1786] 
300 |a 24p. ;  |c 12⁰. 
336 |a text  |b txt  |2 rdacontent 
337 |a computer  |b c  |2 rdamedia 
338 |a online resource  |b cr  |2 rdacarrier 
500 |a Attributed to Samuel Stearns in: Clark, J.C.L. "'The famous Doctor Stearns.' A biographical sketch of Dr. Samuel Stearns with a bibliography." Proceedings of the American Antiquarian Society n.s. 45 (1935): 404. 
500 |a Ascribed to the press of Isaiah Thomas by Evans. The American Antiquarian Society copy is inscribed below the imprint in the hand of Isaiah Thomas: At Thomas's office. 
500 |a Reproduction of original from the British Library. 
510 4 |a Evans,  |c 20006 
510 4 |a English Short Title Catalog,  |c ESTCW22262. 
533 |a Electronic reproduction.  |b Farmington Hills, Mich. :  |c Thomson Gale,  |d 2003.  |n Available via the World Wide Web.  |n Access limited by licensing agreements  |7 s2003 miunns 
500 |a Electronic resource. 
830 0 |a Eighteenth century collections online. 
856 4 0 |u http://proxy.library.tamu.edu/login?url=https://galenet.galegroup.com/servlet/ECCO?c=1&stp=Author&ste=11&af=BN&ae=W022262&tiPG=1&dd=0&dc=flc&docNum=CW102323736&vrsn=1.0&srchtp=a&d4=0.33&n=10&SU=0LRH&locID=txshracd2898  |z Full text online  |t 0 
999 |a MARS 
999 f f |s b03751e5-58a4-3ad2-a28a-b0f4b7eff3fc  |i 95d0446f-05fd-35f9-b87c-fc202f08c330  |t 0 
952 f f |a Texas A&M University  |b College Station  |c Electronic Resources  |s www_evans  |d Available Online  |t 0  |h No information provided 
998 f f |t 0  |l Available Online